US Cities to Language - Statistics

General Stats
  • This quiz has been taken 26 times
  • The average score is 14 of 25
Answer Stats
State Translation City % Correct
8) Texas Yellow Amarillo
96%
3) Louisiana Red Stick Baton Rouge
96%
9) California The Angels Los Angeles
96%
19) California St Francis San Francisco
96%
5) California St Joseph San Jose
96%
7) Texas The Pass El Paso
92%
16) Texas St Anthony San Antonio
84%
1) New Mexico Holy Faith Santa Fe
84%
4) New Mexico The Crosses Las Cruces
72%
18) Arizona Table Mesa
72%
15) Nevada The Meadows Las Vegas
68%
13) California St James San Diego
68%
6) Wisconsin Clear water Eau Claire
64%
10) Colorado Village/Town Pueblo
56%
24) Texas Flat Plano
52%
17) Florida Mouse mouth Boca Raton
48%
21) Arizona Big House Casa Grande
48%
12) Idaho Heart of Awl Coeur d'Alene
36%
22) California Tall Tree Palo Alto
28%
2) California Ash Tree Fresno
24%
25) Florida Fat Point Punta Gorda
20%
20) California Beautiful View Chula Vista
16%
14) Florida Old Town Tallahassee
12%
23) Arizona Walnut Tree Nogales
8%
11) New Mexico Cottonwoods Los Alamos
4%
No matching quizzes found
Score Distribution
Percent of People with Each Score
Percentile by Number Answered
Your Score History
You have not taken this quiz